000 00295nam a2200109Ia 4500
008 220204s9999 xx 000 0 und d
082 _a82-94
_bBAL
100 _aBALAKRISHNA MARAR, NE
245 0 _aKanneerinte madhuryam (Malayalam)
260 _aKozhikode
_bPoorna publications
_c2004
942 _cBK
999 _c44670
_d44670